[Event "Oberliga Ost B"]
[Site "?"]
[Date "2023.02.25"]
[Round "8.2"]
[White "Dietz, Holger"]
[Black "Dorst, Johannes"]
[Result "0-1"]
[WhiteElo "2274"]
[BlackElo "2218"]
[PlyCount "34"]
[EventDate "2022.09.18"]
[EventType "team-tourn"]
[EventCountry "GER"]
[WhiteTeam "Gernsheim SK"]
[BlackTeam "Marburg SK"]
[WhiteTeamCountry "GER"]
[BlackTeamCountry "GER"]

1. b3 Nf6 2. Bb2 g6 3. Bxf6 exf6 4. d4 d5 5. e3 c5 6. Nf3 Nc6 7. Be2 Qa5+ 8. Qd2 Qxd2+ 9. Kxd2 cxd4 10. Nxd4 Nxd4 11. exd4 Bh6+ 12. Kc3 O-O 13. Kb2 Bf5 14. Nc3 Rac8 15. Rad1 Rxc3 16. Kxc3 Rc8+ 17. Kb4 Rxc2 0-1

[Event "Oberliga Ost B"]
[Site "?"]
[Date "2023.02.25"]
[Round "8.3"]
[White "Alber, Horst"]
[Black "Mazurek, Robert"]
[Result "1-0"]
[WhiteElo "2241"]
[BlackElo "2232"]
[PlyCount "83"]
[EventDate "2022.09.18"]
[EventType "team-tourn"]
[EventCountry "GER"]
[WhiteTeam "Marburg SK"]
[BlackTeam "Gernsheim SK"]
[WhiteTeamCountry "GER"]
[BlackTeamCountry "GER"]

1. d4 d5 2. c4 c6 3. cxd5 cxd5 4. Nc3 Nf6 5. Bf4 Nc6 6. e3 Bf5 7. Bb5 e6 8. Nf3 Nd7 9. O-O Be7 10. Rc1 g5 11. Be5 f6 12. Bg3 h5 13. e4 dxe4 14. d5 Qb6 15. dxc6 bxc6 16. Nd4 cxb5 17. Nxf5 h4 18. Nd5 exd5 19. Qxd5 Rd8 20. Ng7+ Kf8 21. Ne6+ Ke8 22. Bc7 Nc5 23. Nxd8 Qxc7 24. Ne6 Qd7 25. Rxc5 Bxc5 26. Qxd7+ Kxd7 27. Nxc5+ Kd6 28. Nxe4+ Ke5 29. Re1 Kd4 30. Nxf6 Kd3 31. Re5 Rc8 32. h3 Rc1+ 33. Kh2 a6 34. Nd5 Kd4 35. Rxg5 Rc2 36. Nb4 Rxf2 37. Nxa6 Rxb2 38. Rg4+ Kc3 39. a4 b4 40. Nxb4 Rxb4 41. Rxb4 Kxb4 42. g4 1-0

[Event "Oberliga Ost B"]
[Site "?"]
[Date "2023.02.25"]
[Round "8.4"]
[White "Neumann, Martin"]
[Black "Henrich, Thomas"]
[Result "0-1"]
[WhiteElo "2120"]
[BlackElo "2129"]
[PlyCount "68"]
[EventDate "2022.09.18"]
[EventType "team-tourn"]
[EventCountry "GER"]
[WhiteTeam "Gernsheim SK"]
[BlackTeam "Marburg SK"]
[WhiteTeamCountry "GER"]
[BlackTeamCountry "GER"]

1. d4 Nf6 2. Bg5 Ne4 3. Bf4 d5 4. f3 Nd6 5. Nc3 e6 6. e4 c6 7. Qd2 Be7 8. O-O-O b5 9. Bxd6 Qxd6 10. e5 Qc7 11. f4 Nd7 12. Nf3 Qa5 13. Kb1 b4 14. Ne2 Ba6 15. Nc1 Bc4 16. g4 O-O-O 17. f5 h6 18. Bh3 Rdf8 19. Qe3 Bg5 20. Nxg5 hxg5 21. fxe6 fxe6 22. Bg2 Rf4 23. h3 c5 24. Nb3 Bxb3 25. axb3 cxd4 26. Rxd4 Qc5 27. Rd3 Rhf8 28. Qxc5+ Nxc5 29. Rg3 Rf2 30. c4 Rd2 31. cxd5 Rff2 32. Rc1 Rxb2+ 33. Ka1 Ra2+ 34. Kb1 Rfb2# 0-1

[Event "Oberliga Ost B"]
[Site "?"]
[Date "2023.02.25"]
[Round "8.5"]
[White "Rolle, Eric"]
[Black "Mueller, Maximilian"]
[Result "1/2-1/2"]
[WhiteElo "2124"]
[BlackElo "2319"]
[PlyCount "88"]
[EventDate "2022.09.18"]
[EventType "team-tourn"]
[EventCountry "GER"]
[WhiteTeam "Marburg SK"]
[BlackTeam "Gernsheim SK"]
[WhiteTeamCountry "GER"]
[BlackTeamCountry "GER"]

1. c4 e6 2. Nf3 Nf6 3. g3 d5 4. Bg2 Be7 5. O-O O-O 6. d3 Nbd7 7. a3 a5 8. b3 c6 9. Bb2 Re8 10. Qc2 Bd6 11. Nc3 Qe7 12. Rfc1 Rb8 13. e3 Nf8 14. Na4 dxc4 15. bxc4 b5 16. c5 Bc7 17. Nb6 Bxb6 18. cxb6 Rxb6 19. Bd4 Ra6 20. Ne5 Bb7 21. Qb2 Rc8 22. Bc5 Qc7 23. a4 b4 24. Nc4 Ne8 25. Qd4 Rd8 26. Qg4 Nd7 27. Be7 Rb8 28. d4 Ndf6 29. Bxf6 Nxf6 30. Qd1 Nd7 31. Nd2 c5 32. Bxb7 Qxb7 33. dxc5 Rc8 34. Nb3 Ne5 35. f4 Nf3+ 36. Kf2 Nxh2 37. Qh5 Qd5 38. Qxd5 exd5 39. Rd1 Ng4+ 40. Kf3 Nf6 41. g4 h6 42. g5 hxg5 43. fxg5 Ne4 44. Rxd5 Nc3 1/2-1/2

[Event "Oberliga Ost B"]
[Site "?"]
[Date "2023.02.25"]
[Round "8.6"]
[White "Peterson, Emery"]
[Black "Duncker, Joachim"]
[Result "1/2-1/2"]
[WhiteElo "2175"]
[BlackElo "2200"]
[PlyCount "89"]
[EventDate "2022.09.18"]
[EventType "team-tourn"]
[EventCountry "GER"]
[WhiteTeam "Gernsheim SK"]
[BlackTeam "Marburg SK"]
[WhiteTeamCountry "GER"]
[BlackTeamCountry "GER"]

1. e4 d5 2. exd5 Nf6 3. d4 Bg4 4. Be2 Bxe2 5. Qxe2 Qxd5 6. Nf3 e6 7. O-O Nc6 8. Nc3 Qf5 9. Be3 Bb4 10. Nb5 Ba5 11. c4 a6 12. Na3 Bb4 13. Nc2 Be7 14. h3 O-O 15. Rfd1 Rad8 16. Rac1 h5 17. a3 Rd7 18. b4 Ne4 19. Na1 Bf6 20. Nb3 Rfd8 21. Re1 b6 22. Rc2 Ne7 23. Bc1 Nd6 24. Kh2 Ng6 25. g3 e5 26. dxe5 Nxe5 27. Nfd4 Qd3 28. c5 Nb5 29. Bf4 Nxd4 30. Nxd4 Rxd4 31. Bxe5 Bxe5 32. Qxd3 Rxd3 33. Rxe5 h4 34. gxh4 Rxa3 35. Re7 bxc5 36. Rxc5 Rd4 37. Rcxc7 Rf4 38. Re8+ Kh7 39. Re2 Rb3 40. Ra7 Rf6 41. Ra2 Rxb4 42. R7xa6 Rxa6 43. Rxa6 Rxh4 44. Kg3 Rb4 45. Rc6 1/2-1/2

[Event "Oberliga Ost B"]
[Site "?"]
[Date "2023.02.25"]
[Round "8.7"]
[White "Neidhardt, Helge"]
[Black "Schupp, Uwe"]
[Result "0-1"]
[WhiteElo "1996"]
[BlackElo "2071"]
[PlyCount "60"]
[EventDate "2022.09.18"]
[EventType "team-tourn"]
[EventCountry "GER"]
[WhiteTeam "Marburg SK"]
[BlackTeam "Gernsheim SK"]
[WhiteTeamCountry "GER"]
[BlackTeamCountry "GER"]

1. d4 d6 2. Nf3 Nf6 3. c4 Nbd7 4. Nc3 e5 5. e4 Be7 6. Be2 O-O 7. O-O c6 8. Be3 Ng4 9. Bd2 a6 10. a3 b5 11. d5 cxd5 12. Nxd5 Nc5 13. Qc2 f5 14. Bd3 fxe4 15. Bxe4 Nxe4 16. Qxe4 Bf5 17. Qe2 bxc4 18. Qxc4 Be6 19. Qd3 Nf6 20. Nxf6+ gxf6 21. Rfe1 Kh8 22. Nd4 Qd7 23. Nxe6 Qxe6 24. f4 Rg8 25. Bc3 Qg4 26. Qd2 Rg6 27. Re2 Rag8 28. Rf1 Bd8 29. g3 Bb6+ 30. Kh1 Qh3 0-1

[Event "Oberliga Ost B"]
[Site "?"]
[Date "2023.02.25"]
[Round "8.8"]
[White "Melchior, Christopher"]
[Black "Nekhamkis, Genadi"]
[Result "0-1"]
[WhiteElo "1621"]
[BlackElo "2077"]
[PlyCount "106"]
[EventDate "2022.09.18"]
[EventType "team-tourn"]
[EventCountry "GER"]
[WhiteTeam "Gernsheim SK"]
[BlackTeam "Marburg SK"]
[WhiteTeamCountry "GER"]
[BlackTeamCountry "GER"]

1. d4 f5 2. c4 Nf6 3. Nc3 d6 4. e3 g6 5. Nf3 Bg7 6. Be2 O-O 7. O-O a6 8. Qd3 Nc6 9. b3 Qe8 10. Bb2 h6 11. Rac1 g5 12. a3 e5 13. e4 exd4 14. e5 dxe5 15. Nd5 e4 16. Qc2 exf3 17. Bxf3 Qf7 18. Rfe1 g4 19. Be2 Nxd5 20. cxd5 Ne5 21. Bxd4 b5 22. Rcd1 Ng6 23. Qc6 Bd7 24. Qxc7 Bxd4 25. Rxd4 Rfe8 26. Kf1 Qe7 27. d6 Qg7 28. Rd2 Rac8 29. Qb6 Nf4 30. Qxa6 Nxe2 31. Rdxe2 Rxe2 32. Rxe2 Rc1+ 33. Re1 Rxe1+ 34. Kxe1 Qc3+ 35. Ke2 Qxb3 36. Qa8+ Kg7 37. Qa7 Qe6+ 38. Qe3 Qxd6 39. Qc3+ Kh7 40. h3 Qe6+ 41. Kd2 Qd5+ 42. Ke1 Qxg2 43. Qb3 Qe4+ 44. Kd2 Qc4 45. Qe3 Be6 46. hxg4 fxg4 47. Qa7+ Kg6 48. Qe7 Qd4+ 49. Ke1 Qc3+ 50. Kf1 Bc4+ 51. Kg2 Qh3+ 52. Kg1 Qf1+ 53. Kh2 Qxf2+ 0-1

[Event "Oberliga Ost B"]
[Site "?"]
[Date "2023.02.25"]
[Round "8.2"]
[White "Galdunts, Sergey"]
[Black "Zuyev, Igor"]
[Result "1-0"]
[WhiteElo "2411"]
[BlackElo "2453"]
[PlyCount "45"]
[EventDate "2022.09.18"]
[EventType "team-tourn"]
[EventCountry "GER"]
[WhiteTeam "Moerlenbach Birkenau Freibauer"]
[BlackTeam "Heusenstamm SC"]
[WhiteTeamCountry "GER"]
[BlackTeamCountry "GER"]

1. e4 c5 2. Nf3 g6 3. c3 Bg7 4. d4 cxd4 5. cxd4 d5 6. e5 Bg4 7. Bb5+ Nd7 8. Nc3 a6 9. Bd3 Bxf3 10. Qxf3 e6 11. h4 Ne7 12. h5 Nc6 13. hxg6 hxg6 14. Rxh8+ Bxh8 15. Qh3 Bg7 16. Qh7 Kf8 17. Be3 Nb4 18. Rd1 Nxd3+ 19. Rxd3 Nb6 20. Bc1 Qd7 21. Rf3 Rc8 22. b3 Qc7 23. Bh6 1-0

[Event "Oberliga Ost B"]
[Site "?"]
[Date "2023.02.25"]
[Round "8.4"]
[White "Wrede, Michael"]
[Black "Klundt, Klaus"]
[Result "0-1"]
[WhiteElo "2194"]
[BlackElo "2277"]
[PlyCount "100"]
[EventDate "2022.09.18"]
[EventType "team-tourn"]
[EventCountry "GER"]
[WhiteTeam "Moerlenbach Birkenau Freibauer"]
[BlackTeam "Heusenstamm SC"]
[WhiteTeamCountry "GER"]
[BlackTeamCountry "GER"]

1. d4 Nf6 2. Bg5 d5 3. Bxf6 exf6 4. g3 c6 5. c3 Bd6 6. Bg2 O-O 7. Nd2 Re8 8. e3 Nd7 9. Ne2 f5 10. O-O Nf6 11. Nf4 Ne4 12. Re1 g6 13. Qc2 g5 14. Nd3 h5 15. f3 h4 16. fxe4 fxe4 17. gxh4 exd3 18. Qxd3 g4 19. e4 Qxh4 20. e5 Be7 21. Nf1 Kg7 22. Re2 Rh8 23. Rf2 Be6 24. Bh1 Qh7 25. Rd1 Rag8 26. Ng3 Kf8 27. Qxh7 Rxh7 28. Bg2 Rgh8 29. Bf1 Bg5 30. Re1 Bh4 31. Re3 Rh6 32. Bd3 b6 33. Rg2 c5 34. Nf5 Bg5 35. Ree2 Rh3 36. Rg3 Bf4 37. Rxh3 Rxh3 38. Bc2 Rf3 39. Nh4 Re3 40. Kf1 Rxe2 41. Kxe2 Bxh2 42. Bf5 Kg7 43. b3 Kh6 44. Bxe6 fxe6 45. Ng2 Kg5 46. Kf2 cxd4 47. cxd4 Kf5 48. Ne3+ Kf4 49. Nxd5+ exd5 50. e6 Bg3+ 0-1

[Event "Oberliga Ost B"]
[Site "?"]
[Date "2023.02.25"]
[Round "8.5"]
[White "Roeschlau, Bernd"]
[Black "Boehmer, Christian"]
[Result "1-0"]
[WhiteElo "2189"]
[BlackElo "2149"]
[PlyCount "47"]
[EventDate "2022.09.18"]
[EventType "team-tourn"]
[EventCountry "GER"]
[WhiteTeam "Heusenstamm SC"]
[BlackTeam "Moerlenbach Birkenau Freibauer"]
[WhiteTeamCountry "GER"]
[BlackTeamCountry "GER"]

1. d4 d5 2. c4 e6 3. Nc3 c6 4. Nf3 dxc4 5. g3 b5 6. Bg2 Nf6 7. O-O Bb7 8. Qc2 Nbd7 9. Re1 Be7 10. e4 O-O 11. Bf4 a6 12. Rad1 Re8 13. Bg5 h6 14. Bc1 Bb4 15. e5 Nd5 16. Re4 Bf8 17. Rg4 Nb4 18. Qe2 f5 19. exf6 Nxf6 20. Rg6 c5 21. Bxh6 Nd3 22. Bg5 Kh7 23. Bxf6 gxf6 24. Ne5 1-0

[Event "Oberliga Ost B"]
[Site "?"]
[Date "2023.02.25"]
[Round "8.6"]
[White "Schneider, Heiko"]
[Black "Flach, Erich"]
[Result "1-0"]
[WhiteElo "2105"]
[BlackElo "2085"]
[PlyCount "75"]
[EventDate "2022.09.18"]
[EventType "team-tourn"]
[EventCountry "GER"]
[WhiteTeam "Moerlenbach Birkenau Freibauer"]
[BlackTeam "Heusenstamm SC"]
[WhiteTeamCountry "GER"]
[BlackTeamCountry "GER"]

1. e4 c5 2. Nf3 e6 3. d4 cxd4 4. Nxd4 a6 5. Nc3 Qc7 6. Bd3 Nf6 7. f4 b5 8. Qe2 d6 9. Bd2 Nbd7 10. b4 Bb7 11. O-O Be7 12. a4 bxa4 13. Rxa4 O-O 14. Kh1 Rfc8 15. Bxa6 Bxa6 16. Rxa6 Rxa6 17. Qxa6 Nb6 18. Qd3 Nc4 19. Ndb5 Qb6 20. Be1 Qe3 21. Bh4 Nxe4 22. Nxe4 Bxh4 23. Ra1 d5 24. Ned6 Qxd3 25. cxd3 Nxd6 26. Nxd6 Rd8 27. Nb7 Bf6 28. Nxd8 Bxa1 29. Nc6 Bb2 30. b5 Ba3 31. b6 Bd6 32. g3 f6 33. b7 e5 34. b8=Q+ Bxb8 35. Nxb8 Kf7 36. Kg2 Ke6 37. Kf3 Kd6 38. Ke3 1-0

[Event "Oberliga Ost B"]
[Site "?"]
[Date "2023.02.25"]
[Round "8.7"]
[White "Otte, Marijn"]
[Black "Klings, Peter"]
[Result "1/2-1/2"]
[WhiteElo "2143"]
[BlackElo "2050"]
[PlyCount "70"]
[EventDate "2022.09.18"]
[EventType "team-tourn"]
[EventCountry "GER"]
[WhiteTeam "Heusenstamm SC"]
[BlackTeam "Moerlenbach Birkenau Freibauer"]
[WhiteTeamCountry "GER"]
[BlackTeamCountry "GER"]

1. e4 c6 2. d4 d5 3. e5 Bf5 4. Nd2 e6 5. Nb3 Nd7 6. f4 h5 7. Nf3 h4 8. Be3 h3 9. g3 Nh6 10. Nh4 Be4 11. Rg1 Be7 12. Bf2 Bxh4 13. gxh4 Nf5 14. h5 Nh4 15. Nd2 Ng2+ 16. Bxg2 Bxg2 17. Qg4 Qe7 18. Bh4 f6 19. f5 exf5 20. Qxf5 g5 21. Bg3 O-O-O 22. O-O-O Qh7 23. Qg4 Qxh5 24. Qe6 Rhe8 25. Qf5 Qf7 26. exf6 Qxf6 27. Qg4 Re6 28. Rde1 Rde8 29. Rxe6 Rxe6 30. Re1 Rxe1+ 31. Bxe1 Qf4 32. Qg3 Qxg3 33. Bxg3 Nf6 34. Kd1 Kd7 35. Ke2 Ne4 1/2-1/2

[Event "Oberliga Ost B"]
[Site "?"]
[Date "2023.02.25"]
[Round "8.8"]
[White "Schiffer, Steve"]
[Black "Benninger, Rudolf"]
[Result "1-0"]
[WhiteElo "2064"]
[BlackElo "1982"]
[PlyCount "85"]
[EventDate "2022.09.18"]
[EventType "team-tourn"]
[EventCountry "GER"]
[WhiteTeam "Moerlenbach Birkenau Freibauer"]
[BlackTeam "Heusenstamm SC"]
[WhiteTeamCountry "GER"]
[BlackTeamCountry "GER"]

1. e4 g6 2. d4 Bg7 3. Nf3 c5 4. Be2 Nc6 5. d5 Nd4 6. Nxd4 cxd4 7. O-O e5 8. c3 Ne7 9. cxd4 exd4 10. Nd2 O-O 11. Nf3 Qb6 12. Bc4 d6 13. h3 f5 14. e5 Qc5 15. Qb3 Kh8 16. exd6 Qxd6 17. Bd2 b5 18. Qxb5 Bd7 19. Qa5 Rab8 20. b3 Rfc8 21. Rfe1 Rc5 22. Bb4 Rxb4 23. Qxb4 Nxd5 24. Qd2 h6 25. Rad1 Nb6 26. Nxd4 Nxc4 27. bxc4 Rxc4 28. Ne2 Qxd2 29. Rxd2 Bb5 30. Rc1 Rxc1+ 31. Nxc1 Kg8 32. Rd8+ Kf7 33. Nb3 Bf6 34. Ra8 a6 35. Ra7+ Ke8 36. Nc5 Bc4 37. a4 Bd4 38. Ra8+ Ke7 39. Nxa6 Bd5 40. Rb8 Bc6 41. a5 Be5 42. Rb6 Kd7 43. Nb8+ 1-0

[Event "Oberliga Ost B"]
[Site "?"]
[Date "2023.02.25"]
[Round "8.1"]
[White "Sadeghi, Behrang"]
[Black "Kushka, Alena"]
[Result "1/2-1/2"]
[WhiteElo "2244"]
[BlackElo "2132"]
[PlyCount "42"]
[EventDate "2022.09.18"]
[EventType "team-tourn"]
[EventCountry "GER"]
[WhiteTeam "Homburg Bad SK"]
[BlackTeam "Hofheim SV II"]
[WhiteTeamCountry "GER"]
[BlackTeamCountry "GER"]

1. e4 c5 2. c3 d5 3. exd5 Qxd5 4. d4 Nf6 5. Nf3 e6 6. Be2 Be7 7. O-O Nc6 8. Na3 O-O 9. Nb5 Qd8 10. dxc5 Bxc5 11. Bg5 a6 12. Nbd4 Bd7 13. Nxc6 Bxc6 14. Ne5 Qxd1 15. Raxd1 Ne4 16. Bh4 g5 17. Nxc6 bxc6 18. Bf3 Nxc3 19. bxc3 gxh4 20. Bxc6 Rab8 21. Rd2 Rfd8 1/2-1/2

[Event "Oberliga Ost B"]
[Site "?"]
[Date "2023.02.25"]
[Round "8.2"]
[White "Engel, Berthold"]
[Black "Lesny, Florian"]
[Result "0-1"]
[WhiteElo "2119"]
[BlackElo "2190"]
[PlyCount "114"]
[EventDate "2022.09.18"]
[EventType "team-tourn"]
[EventCountry "GER"]
[WhiteTeam "Hofheim SV II"]
[BlackTeam "Homburg Bad SK"]
[WhiteTeamCountry "GER"]
[BlackTeamCountry "GER"]

1. e4 c5 2. Nf3 d6 3. Bb5+ Nd7 4. O-O a6 5. Bxd7+ Bxd7 6. h3 Nf6 7. Re1 e6 8. d3 Be7 9. Nbd2 O-O 10. e5 dxe5 11. Nxe5 Qc7 12. Nxd7 Nxd7 13. Qe2 Rfd8 14. Ne4 Nf6 15. b3 Nxe4 16. dxe4 c4 17. bxc4 Bb4 18. Rf1 Rac8 19. a3 Bf8 20. Rb1 Qxc4 21. Qxc4 Rxc4 22. Rxb7 Rxe4 23. Be3 Ra4 24. Rfb1 f6 25. R1b6 Bd6 26. g4 Rxa3 27. Ra7 Rxe3 28. fxe3 Bc5 29. Raxa6 Bxe3+ 30. Kg2 Bxb6 31. Rxb6 e5 32. c4 Rd2+ 33. Kf3 Rd3+ 34. Ke4 Rd4+ 35. Kf5 Rxc4 36. Rb8+ Kf7 37. Rb7+ Kf8 38. g5 fxg5 39. Rb8+ Ke7 40. Rb7+ Kd6 41. Kxg5 Rc7 42. Rb6+ Kc5 43. Ra6 Re7 44. Ra5+ Kd4 45. Ra4+ Kd5 46. Ra5+ Ke6 47. Ra6+ Kf7 48. Kf5 g6+ 49. Ke4 Kg7 50. Ra3 Kh6 51. Re3 Kg5 52. Rf3 Kh4 53. Ra3 g5 54. Kf5 e4 55. Re3 Rf7+ 56. Ke5 Rf3 57. Re1 e3 0-1

[Event "Oberliga Ost B"]
[Site "?"]
[Date "2023.02.25"]
[Round "8.3"]
[White "Schmidt, Walter"]
[Black "Burkart, Patrick"]
[Result "1/2-1/2"]
[WhiteElo "2204"]
[BlackElo "2337"]
[PlyCount "21"]
[EventDate "2022.09.18"]
[EventType "team-tourn"]
[EventCountry "GER"]
[WhiteTeam "Homburg Bad SK"]
[BlackTeam "Hofheim SV II"]
[WhiteTeamCountry "GER"]
[BlackTeamCountry "GER"]

1. e4 c5 2. Nf3 d6 3. d4 cxd4 4. Nxd4 Nf6 5. Nc3 a6 6. f4 Qc7 7. Bd3 g6 8. O-O Bg7 9. Nf3 Nbd7 10. Qe1 O-O 11. Qh4 1/2-1/2

[Event "Oberliga Ost B"]
[Site "?"]
[Date "2023.02.25"]
[Round "8.4"]
[White "Kostiukova, Liubov"]
[Black "Lenz, Jonas"]
[Result "1/2-1/2"]
[WhiteElo "2223"]
[BlackElo "2148"]
[PlyCount "62"]
[EventDate "2022.09.18"]
[EventType "team-tourn"]
[EventCountry "GER"]
[WhiteTeam "Hofheim SV II"]
[BlackTeam "Homburg Bad SK"]
[WhiteTeamCountry "GER"]
[BlackTeamCountry "GER"]

1. e4 e5 2. Nf3 Nc6 3. Bc4 Bc5 4. c3 Nf6 5. d4 exd4 6. e5 d5 7. Bb5 Ne4 8. cxd4 Bb6 9. h3 O-O 10. Nc3 Bf5 11. O-O h6 12. Be3 Ne7 13. Ne2 c5 14. dxc5 Nxc5 15. Ned4 Ne6 16. Bd3 Nxd4 17. Bxd4 Bxd4 18. Nxd4 Bxd3 19. Qxd3 Nc6 20. Nxc6 bxc6 21. Rac1 Qb6 22. b3 a5 23. Qc3 Ra6 24. Qc5 a4 25. bxa4 Qxc5 26. Rxc5 Rxa4 27. Rxc6 Rxa2 28. Rd1 Rb8 29. Rxd5 Rbb2 30. e6 Rxf2 31. exf7+ Rxf7 1/2-1/2

[Event "Oberliga Ost B"]
[Site "?"]
[Date "2023.02.25"]
[Round "8.5"]
[White "Erdmann, Stefan"]
[Black "Waffenschmidt, Joachim"]
[Result "0-1"]
[WhiteElo "2141"]
[BlackElo "1983"]
[PlyCount "86"]
[EventDate "2022.09.18"]
[EventType "team-tourn"]
[EventCountry "GER"]
[WhiteTeam "Homburg Bad SK"]
[BlackTeam "Hofheim SV II"]
[WhiteTeamCountry "GER"]
[BlackTeamCountry "GER"]

1. d4 d5 2. c4 c6 3. cxd5 cxd5 4. Nc3 Nf6 5. Bf4 Nc6 6. e3 a6 7. Bd3 Bg4 8. f3 Bd7 9. Nge2 e6 10. Rc1 b5 11. O-O Be7 12. e4 O-O 13. e5 Ne8 14. Be3 f5 15. g4 fxg4 16. fxg4 Rxf1+ 17. Qxf1 Bg5 18. Bxg5 Qxg5 19. Qh3 g6 20. Rf1 Nc7 21. Qg3 Rf8 22. Rxf8+ Kxf8 23. h4 Qd2 24. h5 Be8 25. Qf3+ Kg8 26. hxg6 Bxg6 27. Bxg6 hxg6 28. Qf6 Qe3+ 29. Kg2 b4 30. Qxg6+ Kf8 31. Qf6+ Ke8 32. Nf4 bxc3 33. bxc3 Qe4+ 34. Kg3 Qe1+ 35. Kh3 Qxc3+ 36. Kh4 Nxd4 37. Ng6 Kd7 38. Qe7+ Kc6 39. Qd6+ Kb7 40. Kg5 Qd2+ 41. Kf6 Qf2+ 42. Kg5 Nf3+ 43. Kf4 Nd2+ 0-1

[Event "Oberliga Ost B"]
[Site "?"]
[Date "2023.02.25"]
[Round "8.6"]
[White "Tischendorf, Michael"]
[Black "Kaliski, Erwin"]
[Result "1-0"]
[WhiteElo "2151"]
[BlackElo "2212"]
[PlyCount "33"]
[EventDate "2022.09.18"]
[EventType "team-tourn"]
[EventCountry "GER"]
[WhiteTeam "Hofheim SV II"]
[BlackTeam "Homburg Bad SK"]
[WhiteTeamCountry "GER"]
[BlackTeamCountry "GER"]

1. d4 Nf6 2. Nc3 d5 3. Bf4 Bf5 4. f3 e6 5. g4 Bg6 6. h4 h6 7. e3 Bd6 8. Nh3 Nc6 9. Bd3 Bxd3 10. Qxd3 e5 11. dxe5 Bxe5 12. O-O-O Bxc3 13. Qxc3 Qd7 14. g5 hxg5 15. Bxg5 Nh5 16. Qb3 f6 17. Rxd5 1-0

[Event "Oberliga Ost B"]
[Site "?"]
[Date "2023.02.25"]
[Round "8.7"]
[White "Dunsbach, Ralf"]
[Black "Barpiyeva, Gulsana"]
[Result "1-0"]
[WhiteElo "2128"]
[BlackElo "2022"]
[PlyCount "87"]
[EventDate "2022.09.18"]
[EventType "team-tourn"]
[EventCountry "GER"]
[WhiteTeam "Homburg Bad SK"]
[BlackTeam "Hofheim SV II"]
[WhiteTeamCountry "GER"]
[BlackTeamCountry "GER"]

1. d4 Nf6 2. c4 c5 3. d5 b5 4. cxb5 a6 5. bxa6 Bxa6 6. Nc3 d6 7. Nf3 g6 8. e4 Bxf1 9. Kxf1 Bg7 10. g3 O-O 11. Kg2 Nbd7 12. a4 Qc7 13. Qe2 Qb7 14. Ra3 Rfe8 15. Nb5 Nb6 16. b3 Rec8 17. Nd2 Ra6 18. Nc4 Nxc4 19. bxc4 Rca8 20. Qc2 Nd7 21. Bd2 e6 22. Rb1 Qc8 23. a5 exd5 24. exd5 Ne5 25. f4 Ng4 26. h3 Nh6 27. g4 Nxg4 28. hxg4 Qxg4+ 29. Kf1 Re8 30. Qd3 Ra7 31. Qf3 Qf5 32. Re1 Rxe1+ 33. Bxe1 Re7 34. Re3 Rxe3 35. Qxe3 Be5 36. a6 Bxf4 37. Qf3 g5 38. a7 g4 39. a8=Q+ Kg7 40. Nxd6 Qg5 41. Bc3+ f6 42. Qb7+ Kg6 43. Qf7+ Kh6 44. Qh1+ 1-0

[Event "Oberliga Ost B"]
[Site "?"]
[Date "2023.02.25"]
[Round "8.8"]
[White "Burkart, Lloyd Shang"]
[Black "Wolf, Ulrich Martin"]
[Result "0-1"]
[WhiteElo "1931"]
[BlackElo "2183"]
[PlyCount "80"]
[EventDate "2022.09.18"]
[EventType "team-tourn"]
[EventCountry "GER"]
[WhiteTeam "Hofheim SV II"]
[BlackTeam "Homburg Bad SK"]
[WhiteTeamCountry "GER"]
[BlackTeamCountry "GER"]

1. d4 f5 2. Bf4 Nf6 3. e3 d6 4. Nf3 h6 5. c4 g5 6. Bg3 Bg7 7. Nc3 e6 8. Be2 O-O 9. Rc1 Nh5 10. O-O Nxg3 11. hxg3 g4 12. Nd2 h5 13. Re1 c5 14. dxc5 dxc5 15. Nb3 Qe7 16. Qc2 Nc6 17. Rcd1 Be5 18. Bf1 h4 19. gxh4 g3 20. Nd2 gxf2+ 21. Kxf2 Qxh4+ 22. Ke2 Bg3 23. Nf3 Qf6 24. Kd2 Bxe1+ 25. Rxe1 Bd7 26. Kc1 Be8 27. a3 Bg6 28. Bd3 Rad8 29. Rh1 Kg7 30. e4 Ne5 31. Nxe5 Qxe5 32. Qd2 f4 33. Qe2 Rh8 34. Rf1 Bh5 35. Qc2 Qd4 36. Be2 Qe3+ 37. Kb1 Rd2 38. Qb3 Bxe2 39. Qxb7+ Kf6 40. Nd5+ Rxd5 0-1

[Event "Oberliga Ost B"]
[Site "?"]
[Date "2023.02.25"]
[Round "8.1"]
[White "Konopka, Michal"]
[Black "Khenkin, Igor"]
[Result "1/2-1/2"]
[WhiteElo "2352"]
[BlackElo "2499"]
[PlyCount "32"]
[EventDate "2022.09.18"]
[EventType "team-tourn"]
[EventCountry "GER"]
[WhiteTeam "Schoeneck SF"]
[BlackTeam "Wiesbadener SV"]
[WhiteTeamCountry "GER"]
[BlackTeamCountry "GER"]

1. Nf3 d5 2. g3 Bg4 3. Bg2 e6 4. c4 c6 5. cxd5 Bxf3 6. Bxf3 cxd5 7. O-O Nf6 8. d4 Nc6 9. Nc3 Be7 10. e3 O-O 11. Bd2 Rc8 12. Qe2 Ne8 13. Rfd1 Nd6 14. Rac1 Qd7 15. Be1 Rc7 16. Bg2 f5 1/2-1/2

[Event "Oberliga Ost B"]
[Site "?"]
[Date "2023.02.25"]
[Round "8.2"]
[White "Geske, Julian"]
[Black "Heinatz, Thomas"]
[Result "1-0"]
[WhiteElo "2390"]
[BlackElo "2266"]
[PlyCount "55"]
[EventDate "2022.09.18"]
[EventType "team-tourn"]
[EventCountry "GER"]
[WhiteTeam "Wiesbadener SV"]
[BlackTeam "Schoeneck SF"]
[WhiteTeamCountry "GER"]
[BlackTeamCountry "GER"]

1. d4 Nf6 2. Nc3 c5 3. d5 e6 4. e4 exd5 5. e5 Ne4 6. Nxd5 d6 7. Qe2 Bf5 8. g4 Bg6 9. Bg2 Qa5+ 10. c3 Nc6 11. Bxe4 O-O-O 12. Nf3 Re8 13. Bxg6 hxg6 14. Be3 Nd4 15. Nxd4 cxd4 16. Qc4+ Kb8 17. Bxd4 dxe5 18. Be3 f5 19. O-O-O Rc8 20. Qb3 Bc5 21. Bxc5 Rxc5 22. Ne3 f4 23. Nc4 Qa6 24. Nd6 Qc6 25. Rhe1 Rd8 26. Ne4 Rcd5 27. Rxd5 Rxd5 28. f3 1-0

[Event "Oberliga Ost B"]
[Site "?"]
[Date "2023.02.25"]
[Round "8.3"]
[White "Nazarenus, Moritz"]
[Black "Bakiev, Diyor"]
[Result "1/2-1/2"]
[WhiteElo "2266"]
[BlackElo "2076"]
[PlyCount "50"]
[EventDate "2022.09.18"]
[EventType "team-tourn"]
[EventCountry "GER"]
[WhiteTeam "Schoeneck SF"]
[BlackTeam "Wiesbadener SV"]
[WhiteTeamCountry "GER"]
[BlackTeamCountry "GER"]

1. d4 Nf6 2. c4 e6 3. Nf3 b6 4. a3 Bb7 5. Nc3 d5 6. Bg5 Be7 7. Qa4+ c6 8. cxd5 exd5 9. e3 O-O 10. Be2 Ne4 11. Bf4 c5 12. O-O Nd7 13. Rfd1 Ndf6 14. Nxe4 Nxe4 15. dxc5 bxc5 16. Rac1 Bf6 17. Bd3 Re8 18. Bxe4 Rxe4 19. Qb5 Qb6 20. Rxc5 Rc4 21. Qxb6 axb6 22. Rb5 Ra6 23. Ne5 Bxe5 24. Bxe5 Bc6 25. Rb4 Rxb4 1/2-1/2

[Event "Oberliga Ost B"]
[Site "?"]
[Date "2023.02.25"]
[Round "8.4"]
[White "Gottschalk, Jens"]
[Black "Meyer, Kai Christian"]
[Result "1/2-1/2"]
[WhiteElo "2227"]
[BlackElo "2191"]
[PlyCount "23"]
[EventDate "2022.09.18"]
[EventType "team-tourn"]
[EventCountry "GER"]
[WhiteTeam "Wiesbadener SV"]
[BlackTeam "Schoeneck SF"]
[WhiteTeamCountry "GER"]
[BlackTeamCountry "GER"]

1. d4 d5 2. c4 c6 3. Nf3 Nf6 4. e3 a6 5. Bd3 dxc4 6. Bxc4 b5 7. Be2 e6 8. a4 Bb7 9. O-O Nbd7 10. Bd2 Bd6 11. Na3 O-O 12. Qb3 1/2-1/2